Cities that Start with H by Clue - Statistics

General Stats
  • This quiz has been taken 74 times
  • The average score is 15 of 18
Answer Stats
Clue City % Correct
German port city on the River Elbe Hamburg
100%
Vietnamese capital known for lakes, street food, and French-era streets Hanoi
100%
Cuban capital known for classic cars and old colonial plazas Havana
100%
Scandinavian capital known for its saunas and hundreds of islands Helsinki
100%
Japanese city known for the Atomic bomb Hiroshima
100%
Seat of Dutch government and home of the International Court of Justice The {Hague}
100%
Texas city known for NASA and a huge energy industry Houston
99%
British colonial entity up until 1997 with the most skyscrapers in the world Hong Kong
97%
City located on Oahu famous for Waikiki Beach and Diamond Head Honolulu
96%
Capital of Zimbabwe Harare
94%
Vietnam’s largest city known for fast traffic and French architecture Ho Chi Minh City
93%
Nova Scotia city known for its harbor and seafood Halifax
81%
Tasmania's main city Hobart
81%
Indian metropolis with a city of the same name in Pakistan Hyderabad
66%
Israeli city known for its Baha'i Gardens and Mount Carmel Haifa
60%
Home to Germany's oldest university Heidelberg
58%
New England capital known for insurance companies Hartford
57%
Chinese city famous for its massive winter ice festival Harbin
43%
No matching quizzes found
Score Distribution
Percent of People with Each Score
Percentile by Number Answered
Your Score History
You have not taken this quiz